|
|
|
|
| LEADER |
00000nam a2200000 a 4500 |
| 001 |
vtls001285774 |
| 003 |
SK-MaSNL |
| 005 |
20260426001443.0 |
| 008 |
171201s1997 xo o g c 00000dslo |
| 015 |
|
|
|a SNBE1997/0200659
|
| 020 |
|
|
|a 8088681294
|q (brož.)
|
| 035 |
|
|
|a SNK000237308
|
| 040 |
|
|
|a SNK
|b slo
|c SNK
|e AACR2
|
| 041 |
0 |
|
|a slo
|a eng
|
| 043 |
|
|
|a e-xo---
|a e-be---
|a e-pl---
|
| 044 |
|
|
|a xo
|c SK
|
| 072 |
|
7 |
|a 76
|x Grafické umenie. Grafika
|2 konspekt
|
| 080 |
|
|
|a 76
|2 2011
|
| 080 |
|
|
|a 76.071.1
|2 2011
|
| 080 |
|
|
|a (493)
|2 2011
|
| 080 |
|
|
|a (438)
|2 2011
|
| 080 |
|
|
|a (437.6)
|2 2011
|
| 080 |
|
|
|a (083.824)
|2 2011
|
| 111 |
2 |
|
|a Podoby súčasného xylonu
|d (máj 1997 :
|c Banská Bystrica, Slovensko)
|9 577762
|
| 245 |
1 |
0 |
|a Podoby súčasného xylonu
|b Štátna galéria Banská Bystrica máj 1997, Turčianska galéria Martin jún-júl 1997
|c [úvodný text Alena Vrbanová ; grafická úprava katalógu a pozvánky S. Tropp ; fotodokumentácia V. Rudnický ; preklad E. Mončeková]
|
| 260 |
|
|
|a Banská Bystrica
|b Štátna galéria
|c [1997]
|
| 300 |
|
|
|a [20] s.
|b fareb. fotoreprod.
|c 30 cm
|
| 504 |
|
|
|a Biogr. údaje
|
| 546 |
|
|
|a Súbežný text anglicky
|
| 600 |
1 |
7 |
|a Bosteels, Peter,
|d 1963-
|2 AUBBMA
|9 577763
|
| 600 |
1 |
7 |
|a Jedrysiak, Jerzy,
|d 1954-
|2 AUBBMA
|9 577764
|
| 600 |
1 |
7 |
|a Lutomski, Zbigniew,
|d 1934-
|2 AUBBMA
|9 577765
|
| 600 |
1 |
7 |
|a Mazurek, Grzegorz Dobieslaw,
|d 1955-
|2 AUBBMA
|9 577766
|
| 600 |
1 |
7 |
|a Nuckowski, Tadeusz,
|d 1948-
|2 AUBBMA
|9 577767
|
| 600 |
1 |
7 |
|a Snoch, Maksymilian,
|d 1943-
|2 AUBBMA
|9 577768
|
| 600 |
1 |
7 |
|a Sokol, Milan,
|d 1952-
|2 SNKMA
|
| 600 |
1 |
7 |
|a Tropp, Stanislav,
|d 1950-2002
|2 SNKMA
|9 208166
|
| 650 |
0 |
7 |
|a grafika
|2 SNK
|9 814
|
| 650 |
0 |
7 |
|a grafici
|2 SNKPH
|9 87837
|
| 650 |
0 |
7 |
|a Prints
|2 SNKPHeng
|9 294897
|
| 650 |
0 |
7 |
|a printmakers
|2 SNKPHeng
|9 306704
|
| 651 |
|
7 |
|a Slovensko
|2 SNKPH
|9 14231
|
| 651 |
|
7 |
|a Belgicko
|2 SNKPH
|9 145816
|
| 651 |
|
7 |
|a Poľsko
|2 SNKPH
|9 16755
|
| 651 |
|
7 |
|a Slovakia
|2 SNKPHeng
|9 92630
|
| 651 |
|
7 |
|a Belgium
|2 SNKPHeng
|9 325074
|
| 651 |
|
7 |
|a Poland
|2 SNKPHeng
|9 265193
|
| 655 |
|
7 |
|a katalógy výstav
|2 SNKPH
|9 70445
|
| 655 |
|
7 |
|a Exhibition catalogs
|2 SNKPHeng
|9 266232
|
| 700 |
1 |
|
|a Vrbanová, Alena,
|d 1960-
|4 aui
|9 92785
|
| 700 |
1 |
|
|a Tropp, Stanislav,
|d 1950-2002
|4 bkd
|9 208166
|
| 700 |
1 |
|
|a Rudnický, Viliam,
|d 1947-
|4 pht
|9 92815
|
| 700 |
1 |
|
|a Mončeková, Elena,
|d 1946-
|4 trl
|9 92818
|
| 710 |
2 |
|
|a Turčianska galéria v Martine
|4 orm
|4 dnr
|9 169424
|
| 711 |
|
|
|a Podoby súčasného xylonu
|d (jún - júl 1997 :
|c Martin, Slovensko)
|9 577769
|
| 852 |
|
|
|a Akadémia umení v Banskej Bystrici
|
| 919 |
|
|
|a 80-88681-29-4
|
| 958 |
|
|
|a BX
|
| 999 |
|
|
|c 886621
|d 888551
|
| 952 |
|
|
|t P60, <09>, [BOOK], {629}
|a SNK
|b SNK
|y NEVYP
|7 0
|o snkB 567
|i snk2065/970514
|0 0
|1 0
|4 0
|d 1997-05-13
|l 0
|r 2005-01-02 00:00:00
|w 2026-02-24
|
| 952 |
|
|
|t P60, <03>, [BOOK], {603}
|a SNK
|b SNK
|y PREZ
|7 0
|p 17A0063260
|o snkOSB 11377
|i snkKSP 4745/97
|0 0
|1 0
|4 0
|d 1997-05-13
|l 0
|r 2005-01-02 00:00:00
|w 2026-02-24
|
| 952 |
|
|
|t P60, <04>, [BOOK], {604}
|a SNK
|b SNK
|y VYP
|7 0
|p 17A0063261
|o snkOSB 11377 D1
|i snkKSP 4746/97
|0 0
|1 0
|4 0
|d 1997-05-13
|l 0
|r 2005-01-02 00:00:00
|w 2026-02-24
|